| 000 | 00836nam a2200205 a 4500 | ||
|---|---|---|---|
| 003 | 0 | ||
| 005 | 20250514083759.0 | ||
| 008 | 021107s19uu xx 00 eng d | ||
| 050 |
_aPGS HQ 798 _b.F118 2002 |
||
| 100 | _aFabic, Lourdes Angelica P. | ||
| 245 |
_aAdvantages and disadvantages of having early relationship among selected students of Southville International School / _cLourdes Angelica P. Fabic. |
||
| 260 |
_aLas PiƱas City, Philippines : _bSouthville International School and Colleges, _c2002. |
||
| 300 |
_a20 pages : _billustrations ; _c28 cm. |
||
| 504 | _aIncludes bibliographical references. | ||
| 650 | _aInterpersonal relations in adolescence. | ||
| 650 |
_aRomantic relationships _vJuvenile literature. |
||
| 650 |
_aTeenagers _vConduct of life. |
||
| 650 |
_aAdolescents _vPsychology. |
||
| 942 |
_2lcc _cPASS |
||
| 999 |
_c96618 _d96618 |
||